000 00594nam a2200253Ia 4500
005 20260123122751.0
008 008 260114s9999 xx 000 0 eng d
020 _a9781544368306
037 _aEBOOK
040 _aCRL
040 _beng
040 _cCRL
041 _2eng
041 _aeng
084 _qCRL
100 _aAmy Tepper,Patrick W. Flynn
_91105319
245 0 _aLearner-Focused Feedback
260 _bSAGE
260 _c2020
856 _uhttps://sk.sagepub.com/books/learner-focused-feedback
942 _cEBOOK
999 _c1670555
_d1670555